Technický receptář 660 receptur pro kutily i profesionály
Na minha lista:
| Autor principal: | |
|---|---|
| Formato: | Livro |
| Idioma: | tcheco |
| Publicado em: |
Praha
FCC Public
1999
|
| Edição: | 1. vyd. dotisk |
| Assuntos: | |
| Acesso em linha: | View in OPAC |
| Tags: |
Sem tags, seja o primeiro a adicionar uma tag!
|
MARC
| LEADER | 00000nam a2200000 a 4500 | ||
|---|---|---|---|
| 003 | 0 | ||
| 005 | 20260128065722.0 | ||
| 008 | 051018 1999 xr 000 0 cze d | ||
| 020 | |a 8090198562 | ||
| 035 | |a vtls008303542 | ||
| 039 | 9 | |y 200510180949 |z mschk03 | |
| 040 | |a STUSCHK1 |b slo |c STUSCHK1 |e AACR2 | ||
| 100 | 1 | |a Škeřík, Jan |9 491 | |
| 245 | 1 | |a Technický receptář |b 660 receptur pro kutily i profesionály | |
| 250 | |a 1. vyd. dotisk | ||
| 260 | |a Praha |b FCC Public |c 1999 | ||
| 300 | |a 285 s. | ||
| 650 | 0 | |a technologické návody | |
| 910 | |a SCHK95 | ||
| 919 | |a 80-901985-6-2 | ||
| 999 | |c 10 |d 10 | ||